Central Library OPAC University of Rajshahi

Economic issues of the eighties / (Record no. 59924)

MARC details
000 -LEADER
fixed length control field 00953nam a2200313 a 4500
001 - CONTROL NUMBER
control field 59924
003 - CONTROL NUMBER IDENTIFIER
rucl marc code BD-RjUL
005 - DATE AND TIME OF LATEST TRANSACTION
control field 20211209080801.0
008 - FIXED-LENGTH DATA ELEMENTS--GENERAL INFORMATION
fixed length control field 161227s1979 enka b 001 0 eng
020 ## - INTERNATIONAL STANDARD BOOK NUMBER
International Standard Book Number 0801822483
International Standard Book Number 0801822718 (pbk.)
035 ## - SYSTEM CONTROL NUMBER
System control number MITb10089342
System control number (BD-RjUL) 60048
System control number GLIS00089342
040 ## - CATALOGING SOURCE
Original cataloging agency DLC
Transcribing agency DLC
Modifying agency MYG
-- BD-RjUL
Language of cataloging eng
041 ## - LANGUAGE CODE
Language code of text/sound track or separate title eng
082 ## - DEWEY DECIMAL CLASSIFICATION NUMBER
Edition number 23
Classification number 330.9048
Author mark and year ECO 1979
099 ## - LOCAL FREE-TEXT CALL NUMBER (OCLC)
Bangla Class number HD82.E286
245 00 - TITLE STATEMENT
Title Economic issues of the eighties /
Statement of responsibility, etc. edited by Nake M. Kamrany , Richard H. Day.
260 ## - PUBLICATION, DISTRIBUTION, ETC. (IMPRINT)
Place of publication, distribution, etc. Baltimore :
Name of publisher, distributor, etc. Johns Hopkins University Press,
Date of publication, distribution, etc. c1979.
300 ## - PHYSICAL DESCRIPTION
Pagination vii, 286 p. :
Illustrations ill. ;
Size 24 cm.
500 ## - GENERAL NOTE
General note Includes index.
504 ## - BIBLIOGRAPHY, ETC. NOTE
Bibliography, etc Bibliography: p. 271-276.
650 #0 - SUBJECT ADDED ENTRY--TOPICAL TERM
Topical term or geographic name as entry element Economic policy.
9 (RLIN) 170308
Topical term or geographic name as entry element Economic history
Chronological subdivision 1945-
9 (RLIN) 176590
700 1# - ADDED ENTRY--PERSONAL NAME
Personal name Kamrany, Nake M.,
Dates associated with a name 1934-
Personal name Day, Richard Hollis,
Dates associated with a name 1933-
942 ## - ADDED ENTRY ELEMENTS (KOHA)
Source of classification or shelving scheme Dewey Decimal Classification
Koha item type Books
Holdings
Lost status Source of classification or shelving scheme Damaged status Not for loan Collection code Permanent Location Current Location Shelving location Date acquired Source of acquisition Total Checkouts Full call number Date last seen Copy number Koha item type
  Dewey Decimal Classification   Not For Loan Non-fiction Central Library, University of Rajshahi Central Library, University of Rajshahi Reading Room 27/07/1978 Asia Foundation   330.9048 ECO 1979 27/12/2016 C-1 Books